Estructura de la filosofía de Unamuno N°16
Salvato in:
| Autore principale: | |
|---|---|
| Natura: | Libro |
| Lingua: | Undetermined |
| Pubblicazione: |
Guatemala
Universitaria
1959
|
| Soggetti: | |
| Tags: |
Aggiungi Tag
Nessun Tag, puoi essere il primo ad aggiungerne!!
|
MARC
| LEADER | 00000nam a2200000Ia 4500 | ||
|---|---|---|---|
| 008 | 170316s9999 xx 000 0 und d | ||
| 090 | |a 100 J-13es | ||
| 100 | |a Juárez-Paz, Rigoberto | ||
| 245 | |a Estructura de la filosofía de Unamuno N°16 | ||
| 260 | |a Guatemala | ||
| 260 | |b Universitaria | ||
| 260 | |c 1959 | ||
| 300 | |a 12 páginas | ||
| 650 | |a FILOSOFÍA | ||
| 650 | |a UNAMUNO | ||
| 999 | |c 16587 |d 16587 | ||
| 040 | |a cru BVZT | ||
| 942 | |c 15 D |h 100 J-13es |2 z | ||
